000 00603nam a2200241Ia 4500
003 OSt
005 20221005093759.0
006 a|||||r|||| 00| 0
007 ta
008 221004b |||||||| |||| 00| 0 eng d
024 _a59665
037 _cTextual
040 _aCRL
_cCRL
_beng
041 _2eng
_aeng
082 _aVv, M3
100 _aOakeshott Michael
245 0 _aOn history and other essays
260 _aOxford
_bBasil Blackwell
_c1983
300 _a198p.
_ccm.
650 _aHISTORY
942 _hVv, M3
_cTEXL
_2cc
999 _c1000946
_d1000946